000 00501nam a2200181Ia 4500
001 22993
005 20260414150907.0
008 260414t2016||||xx |||||||||||||| ||spa||
041 _aESP
082 _a624.1762
_bC245
100 _aCimellaro, Gian Paolo
_eAUT
245 0 _aUrban resilience for emergency response and recovery :
_bfundamental concepts and applications
260 _c2016
300 _axxvi, 522 páginas :
_c24 cm.
650 _a0
654 _aCIC
942 _cLIB
_dJUS
_fJUS
_2ddc
_n
999 _c22993
_d22993